Kỹ thuật vi xử lý và lập trình Assembly chohệ vi xử lý /
Đã lưu trong:
| Príomhúdar: | |
|---|---|
| Formáid: | Leabhar |
| Teanga: | Vietnamese |
| Foilsithe: |
Khoa học và kỹ thuật
2006
|
| Clibeanna: |
Cuir Clib Leis
Gan Chlibeanna, Bí ar an gcéad duine leis an taifead seo a chlibeáil!
|
| Thư viện lưu trữ: | Mạng thư viện Đại học Đà Nẵng |
|---|
| LEADER | 00679nam a2200265 4500 | ||
|---|---|---|---|
| 001 | 000026998 | ||
| 003 | ASSEMBLY | ||
| 005 | 20150403120000.0 | ||
| 008 | 150403s vm 000 vie | ||
| 020 | |c 0,0000 | ||
| 040 | |a notts | ||
| 100 | |a Đỗ Xuân Tiến | ||
| 245 | |a Kỹ thuật vi xử lý và lập trình Assembly chohệ vi xử lý / |c Đỗ Xuân Tiến. | ||
| 260 | |b Khoa học và kỹ thuật |c 2006 | ||
| OWN | |a LTT | ||
| 999 | |a From the UDN01 | ||
| TYP | |a Monograph | ||
| TYP | |a Printed language | ||
| 980 | |a Mạng thư viện Đại học Đà Nẵng | ||